Quizzes
Events
Quiz Creation
Community
Videos
Private Events
Remove Ads
Sign In
Join for FREE
Feedback
Dark Mode
Quiz Categories
Sports
Geography
Music
Movies
Television
Just For Fun
Miscellaneous
History
Literature
Language
Science
Gaming
Entertainment
Religion
Holiday
For Kids
Quiz Lab
Recent
Popular Today
Quiz Kudos Today
Editor Picks
Curator Picks
Quizzes by...
Day
Popularity
Type
Ratings
Length
Year
Community
Subscriptions
Recent Discussions
Orange Saloon
Badges
Playlists
Quests
Create
Leaderboards
Showdown
Live 5
Trivia Bingo
Activity
Puzzle Library
Sporcle Events
Private Events
Virtual Trivia
Globe League
Become a Host
Pub Owners
SporcleCon
Opinionation
Our Games
Videos
Blog
Mobile Apps
Partnerships
Remove Ads and Go Orange
Feedback
Miscellaneous
Crossword
General Knowledge
Baby Names
Logo
Food
Cars
Numbers
Grab Bag
University
College
Popular
Company
Slogans
Restaurants
Justice
Letter
Miscellaneous
Crossword
General Knowledge
Baby Names
Logo
Food
Cars
Numbers
Grab Bag
University
College
Popular
Company
Slogans
Restaurants
Justice
Letter
Random Quiz
Search Sporcle
×
Quiz Lab
Quiz Lab
Miscellaneous
Sporcle
Type in answers that appear in a list
Type in answers that appear in a list
Classic
Best Score? Go Orange.
All Aboard the SS Sporcle Stats
Can you name the people and things with the initials S.S.?
By
Pats4Life
8m
30 Questions
115 Plays
115 Plays
115 Plays
Comments
Comments
Give Quiz Kudos
Give Quiz Kudos
-
- Ratings
hide this ad
More Info
Replay
Link that replays current quiz
Next Quiz
Link to next quiz in quiz playlist
You Got
0%
They Got
Avg Score
33%
Avg Friend Score
Upgrade to see
Score Distribution
Jump to the score distribution portion of the page
Score
0/30
Timer
08:00
0
Plays Today
Hint
Answer
% Correct
President's protection
Secret Service
74.8%
Position #6 in baseball
Shortstop
70.4%
Children's game in which one person gives directions
Simon Says
63.5%
The weekend
Saturday, Sunday
60%
What your computer should show after not using for a while
Screen Saver
58.3%
Legendary film director
Steven Spielberg
48.7%
Matt Hasselbeck's team
Seattle Seahawks
47%
Academy Award winning actress
Susan Sarandon
46.1%
Who wears _
_
_
_
_
_
_
_
_
_
_
_
_
_
?
Short Shorts
46.1%
Actress famous for her leg-
crossing scene
Sharon Stone
44.3%
Governmental departments that deal with children and their welfare
Social Services
40%
European capital city (with country)
Stockholm, Sweden
37.4%
Defensive position in American football
Strong Safety
36.5%
Talent show hosted by Ed McMahon
Star Search
34.8%
NY Giants or Carolina Panthers receiver
Steve Smith
33.9%
Hint
Answer
% Correct
Asian capital city (with country)
Singapore, Singapore
29.6%
Fictional champion boxer and Vietnam War vet
Sylvester Stallone
29.6%
The Amistad for example
Slave Ship
28.7%
Not trap shooting or sporting clays
Skeet Shooting
27.8%
Military person with above human abilities (ex. Captain America)
Super Soldier
22.6%
Action star who is now a Reserve Deputy Chief in Louisiana
Steven Seagal
22.6%
Chain of supermarkets mostly in the northeastern U.S.
Stop & Shop
20%
Body of water named for the seaweed grown there
Sargasso Sea
19.1%
A way to cut french fries
Shoe String
15.7%
Former name of TBS network
Super Station
14.8%
Nazi organization
Schutzstaffel
13.9%
Bob and Mel
Side Show
13.9%
Cartoon rodent sharing a show with Atom Ant
Secret Squirrel
11.3%
Gospel/
R&B group in Rock & Roll Hall of Fame
(The) Staple Singers
3.5%
City on the Iberian peninsula listed as a UNESCO World Heritage Site
Salamanca, Spain
1.7%
Quiz Playlist
Details
Report
Send in Message
Add To Playlist
More Info:
A couple of the answers are actually one word but they are commonly abbreviated SS so cut me Some Slack.
Classic:
Type in answers that appear in a list
Last Updated: Feb 16, 2017
Quiz Scoreboard
CHALLENGE
Sign Up to Join the Scoreboard
Show All
Scores
Hide
Comments
May contain spoilers
Recently Published
Popular People in 1961
by mucciniale
History
6m
1-10 Letter E Words III
by El_Dandy
Language
2m
One Thing in Common: World Cities II
by knightlancer
Geography
7m
More to Explore
Quiz From the Vault
Featured Blog Post
Where Did the Easter Bunny Come From?
hide this ad
You Might Also Like...
Tags
Sporcle Quiz
Aboard
initial
Today's Top Quizzes in Miscellaneous
Browse Miscellaneous
hide this ad
Today's Top Quizzes in Sporcle
Browse Sporcle
Top Contributed Quizzes in Miscellaneous
1
The JOE quick-fire general knowledge quiz: Day 173
2
The JOE quick-fire general knowledge quiz: Day 172
3
Sunday Crossword: Famous Bodies of Water
4
The JOE quick-fire general knowledge quiz: Day 171
5
One Thing in Common: United Kingdom II
6
Named After an Animal - Odd One Out!
7
sort kpop groups by number of members
8
The JOE quick-fire quiz: Day 170
9
Sunday Crossword: Themeless #5
10
Lays Potato Chip Flavour Contest Finalists
Explore More
Trending Topics
Anime
Disney
Harry Potter
Kpop
Marvel
NBA
Crossword
Country
Pokémon
The Office
Puzzle
WWE
Soccer
NFL
Song
hide this ad
More By:
Pats4Life
Quiz
Plays
Rating
Category
Featured
Created
Character by Catchphrase
214,950
3.73
Television
Feb 11, 2010
Abbreviated Ladder
73,383
3.73
Miscellaneous
Mar 8, 2010
Basketball Hall of Famer by Letter
29,557
4.00
Sports
Jun 10, 2010
Similar Superheroes
13,150
4.13
Entertainment
Jan 9, 2010
100 Greatest Speeches
1,305
3.19
History
Jul 9, 2010
Go to Creator's Profile
Score Distribution
Quiz Creator Spotlight
Pats4Life
Follow
Send a Message
Quizzes Created
-
Created Quiz Play Count
-
More By This Creator
Popular Quizzes Today
1
Find the US States - No Outlines Minefield
2
Find the Countries of Europe - No Outlines Minefield
3
The Countries of the World
4
Popular People in 1961
5
1-10 Letter E Words III
6
Find the US States
7
US States
8
One Thing in Common: World Cities II
More Miscellaneous Quizzes
Top 10 Girl Names Ending in 'E' per Decade
Published
Trending Quizzes
Risky Map Clicking: Least Populous States A-Z
1-10 Letter F Words
1-10 Letter G Words
One Thing in Common: United Kingdom
Risky Map Clicking: Next State Alphabetically
Recently Updated
Leaping Animals
pecheneg
Reality TV Shows (A-Z)
bhenderson79
Rickey Henderson's Hall of Fame Teammates
pecheneg
Champions League XIs: Arsenal
pecheneg
Quick Pick: Celebrities in WWE's Hall of Fame
aduchscher
A-Z Keypad Blitz II
pecheneg
Multiple Oscar Actors
pecheneg
Mystery Phrase Blitz: Oscar 'Best Actors'
pecheneg
F. Scott Fitzgerald Novels
LTH
Pick 3 Villains
ddd62291
Trending Topics
Kpop
Anime
Harry Potter
Disney
NBA
Marvel
Crossword
Puzzle
Soccer
Country
Pokémon
WWE
NFL
The Office
Song
Your Account Isn't Verified!
In order to create a playlist on Sporcle, you need to verify the email address you used during registration. Go to your
Sporcle Settings
to finish the process.
Report this User
Report this user for behavior that violates our
Community Guidelines
.
Details:
Send Report
Go to the Sporcle.com Mobile Site →
Comments